| 000 | 00374nam a2200145Ia 4500 | ||
|---|---|---|---|
| 008 | 230917s9999||||xx |||||||||||||| ||und|| | ||
| 040 |
_e147621 _aMAIN |
||
| 041 | _aEnglish | ||
| 082 | _a301.0423 B145H | ||
| 100 | _aBaer, Adela S | ||
| 245 | 0 | _aHeredity and society: Readings in social genetics | |
| 260 |
_aNew York _bMacmillan _c1977 |
||
| 300 | _a460 p. | ||
| 942 | _cBK | ||
| 999 |
_c201238 _d201238 |
||